[Event "Tegernsee Masters 2020 "]
[Site "Bad Wiessee"]
[Date "2020.10.31"]
[Round "1"]
[Board "1"]
[White "Bluebaum, Matthias"]
[Black "Basso, Pier Luigi"]
[Result "1/2-1/2"]
[WhiteElo "2672"]
[BlackElo "2570"]
[PlyCount "0"]
[EventDate "2020.10.31"]
[EventRounds "9"]
[EventCountry "GER"]

1. d4 {[%clk 01:30:55]} {[%emt 00:00:03]} Nf6 {[%clk 01:30:38]} {[%emt
00:00:23]} 2. c4 {[%clk 01:31:11]} {[%emt 00:00:14]} c6 {[%clk 01:31:00]}
{[%emt 00:00:07]} 3. Nc3 {[%clk 01:31:36]} {[%emt 00:00:07]} d5 {[%clk
01:31:18]} {[%emt 00:00:10]} 4. e3 {[%clk 01:31:48]} {[%emt 00:00:18]} e6
{[%clk 01:31:12]} {[%emt 00:00:33]} 5. Nf3 {[%clk 01:31:58]} {[%emt 00:00:24]}
Nbd7 {[%clk 01:31:35]} {[%emt 00:00:07]} 6. Qc2 {[%clk 01:32:09]} {[%emt
00:00:18]} b6 {[%clk 01:28:48]} {[%emt 00:03:17]} 7. b3 {[%clk 01:31:53]}
{[%emt 00:00:47]} Bb7 {[%clk 01:29:13]} {[%emt 00:00:06]} 8. Bb2 {[%clk
01:32:19]} {[%emt 00:00:04]} Bd6 {[%clk 01:28:19]} {[%emt 00:01:23]} 9. Bd3
{[%clk 01:32:44]} {[%emt 00:00:06]} O-O {[%clk 01:28:42]} {[%emt 00:00:07]} 10.
O-O {[%clk 01:33:11]} {[%emt 00:00:04]} Re8 {[%clk 01:28:51]} {[%emt 00:00:21]}
11. Rad1 {[%clk 01:26:28]} {[%emt 00:07:12]} Qc7 {[%clk 01:28:55]} {[%emt
00:00:26]} 12. e4 {[%clk 01:21:24]} {[%emt 00:05:35]} dxc4 {[%clk 01:28:32]}
{[%emt 00:00:52]} 13. bxc4 {[%clk 01:16:04]} {[%emt 00:05:51]} e5 {[%clk
01:28:30]} {[%emt 00:00:30]} 14. d5 {[%clk 01:15:01]} {[%emt 00:01:36]} Nc5
{[%clk 01:27:39]} {[%emt 00:01:21]} 15. Be2 {[%clk 01:09:17]} {[%emt 00:06:14]}
a6 {[%clk 01:19:04]} {[%emt 00:09:05]} 16. Nd2 {[%clk 00:58:51]} {[%emt
00:10:56]} cxd5 {[%clk 01:16:27]} {[%emt 00:03:06]} 17. Nxd5 {[%clk 00:58:50]}
{[%emt 00:00:32]} Bxd5 {[%clk 01:10:03]} {[%emt 00:06:54]} 18. exd5 {[%clk
00:54:32]} {[%emt 00:04:48]} e4 {[%clk 01:08:03]} {[%emt 00:02:28]} 19. Kh1
{[%clk 00:47:37]} {[%emt 00:07:26]} Nfd7 {[%clk 00:58:42]} {[%emt 00:09:51]} 20.
Nb3 {[%clk 00:42:28]} {[%emt 00:05:39]} Nxb3 {[%clk 00:51:51]} {[%emt
00:07:20]} 21. Qxb3 {[%clk 00:40:10]} {[%emt 00:02:49]} Nc5 {[%clk 00:50:23]}
{[%emt 00:01:57]} 22. Qh3 {[%clk 00:39:15]} {[%emt 00:01:26]} Be5 {[%clk
00:49:41]} {[%emt 00:01:10]} 23. Bc1 {[%clk 00:31:12]} {[%emt 00:08:35]} Bf4
{[%clk 00:46:23]} {[%emt 00:03:47]} 24. Bb2 {[%clk 00:29:31]} {[%emt 00:02:12]}
Be5 {[%clk 00:45:51]} {[%emt 00:01:00]} 25. Bc1 {[%clk 00:30:00]} {[%emt
00:00:03]} Bf4 {[%clk 00:46:09]} {[%emt 00:00:11]} 26. Bb2 {[%clk 00:27:56]}
{[%emt 00:02:35]} Be5 {[%emt 00:00:50]}  1/2-1/2

[Event "Tegernsee Masters 2020 "]
[Site "Bad Wiessee"]
[Date "2020.10.31"]
[Round "1"]
[Board "2"]
[White "Mendonca, Leon Luke"]
[Black "Nisipeanu, Liviu-Dieter"]
[Result "1/2-1/2"]
[WhiteElo "2499"]
[BlackElo "2657"]
[PlyCount "0"]
[EventDate "2020.10.31"]
[EventRounds "9"]
[EventCountry "GER"]

1. d4 {[%clk 01:30:56]} {[%emt 00:00:03]} Nf6 {[%clk 01:30:38]} {[%emt
00:00:23]} 2. c4 {[%clk 01:31:02]} {[%emt 00:00:24]} c5 {[%clk 01:30:17]}
{[%emt 00:00:50]} 3. Nf3 {[%clk 01:28:40]} {[%emt 00:02:52]} cxd4 {[%clk
01:28:45]} {[%emt 00:02:03]} 4. Nxd4 {[%clk 01:28:51]} {[%emt 00:00:19]} e5
{[%clk 01:28:13]} {[%emt 00:01:02]} 5. Nb5 {[%clk 01:28:33]} {[%emt 00:00:49]}
d5 {[%clk 01:28:35]} {[%emt 00:00:07]} 6. cxd5 {[%clk 01:28:39]} {[%emt
00:00:24]} Bc5 {[%clk 01:28:45]} {[%emt 00:00:20]} 7. N5c3 {[%clk 01:22:04]}
{[%emt 00:07:05]} O-O {[%clk 01:26:22]} {[%emt 00:02:53]} 8. e3 {[%clk
01:20:39]} {[%emt 00:01:56]} Bf5 {[%clk 01:05:03]} {[%emt 00:21:48]} 9. Be2
{[%clk 01:15:44]} {[%emt 00:05:26]} Nbd7 {[%clk 01:03:43]} {[%emt 00:01:50]} 10.
Nd2 {[%clk 00:57:32]} {[%emt 00:18:41]} Bb4 {[%clk 00:56:57]} {[%emt 00:07:16]}
11. Nf3 {[%clk 00:44:22]} {[%emt 00:13:41]} Bxc3+ {[%clk 00:45:18]} {[%emt
00:12:10]} 12. bxc3 {[%clk 00:44:33]} {[%emt 00:00:19]} Qa5 {[%clk 00:45:44]}
{[%emt 00:00:03]} 13. Qb3 {[%clk 00:29:08]} {[%emt 00:15:55]} Nxd5 {[%clk
00:24:42]} {[%emt 00:21:30]} 14. Bd2 {[%clk 00:28:20]} {[%emt 00:01:20]} N5b6
{[%clk 00:24:59]} {[%emt 00:00:13]} 15. c4 {[%clk 00:27:00]} {[%emt 00:01:50]}
Qa4 {[%clk 00:25:14]} {[%emt 00:00:15]} 16. O-O {[%clk 00:20:33]} {[%emt
00:06:58]} Rfe8 {[%clk 00:25:05]} {[%emt 00:00:38]} 17. Bb4 {[%clk 00:17:18]}
{[%emt 00:03:45]} Rac8 {[%clk 00:24:54]} {[%emt 00:00:40]} 18. Rfd1 {[%clk
00:11:15]} {[%emt 00:06:34]} Bc2 {[%clk 00:20:07]} {[%emt 00:05:17]} 19. Qxa4
{[%clk 00:10:59]} {[%emt 00:00:46]} Bxa4 {[%clk 00:20:30]} {[%emt 00:00:07]} 20.
Rdc1 {[%clk 00:09:46]} {[%emt 00:01:44]} Nc5 {[%clk 00:20:11]} {[%emt
00:00:48]} 21. Rab1 {[%clk 00:06:32]} {[%emt 00:03:45]} Nbd7 {[%clk 00:18:16]}
{[%emt 00:02:24]} 22. Nd2 {[%clk 00:05:08]} {[%emt 00:01:54]} b6 {[%clk
00:17:28]} {[%emt 00:01:19]} 23. Nb3 {[%clk 00:04:15]} {[%emt 00:01:24]} Na6
{[%clk 00:10:18]} {[%emt 00:07:39]} 24. Ba3 {[%clk 00:03:52]} {[%emt 00:00:53]}
Ndc5 {[%clk 00:10:40]} {[%emt 00:00:08]} 25. Rd1 {[%clk 00:03:21]} {[%emt
00:01:01]} Ne4 {[%clk 00:07:22]} {[%emt 00:03:47]} 26. Rbc1 {[%clk 00:01:41]}
{[%emt 00:02:11]} Nac5 {[%clk 00:06:46]} {[%emt 00:01:05]} 27. Nxc5 {[%clk
00:01:43]} {[%emt 00:00:29]} Bxd1 {[%clk 00:03:44]} {[%emt 00:03:31]} 28. Nxe4
{[%clk 00:02:00]} {[%emt 00:00:14]} Bxe2 {[%clk 00:04:09]} {[%emt 00:00:05]} 29.
Nd6 {[%clk 00:02:26]} {[%emt 00:00:04]} f6 {[%clk 00:04:04]} {[%emt 00:00:34]}
30. c5 {[%clk 00:01:57]} {[%emt 00:01:01]} bxc5 {[%clk 00:02:13]} {[%emt
00:02:22]} 31. Nxc8 {[%clk 00:01:38]} {[%emt 00:00:49]} Rxc8 {[%clk 00:02:37]}
{[%emt 00:00:06]} 32. Rxc5 {[%clk 00:01:45]} {[%emt 00:00:23]} Rxc5 {[%clk
00:01:44]} {[%emt 00:01:22]} 33. Bxc5 {[%clk 00:02:13]} {[%emt 00:00:02]} Bc4
{[%clk 00:02:05]} {[%emt 00:00:08]} 34. Bxa7 {[%clk 00:02:39]} {[%emt
00:00:05]} Bxa2 {[%clk 00:02:32]} {[%emt 00:00:03]} 35. Bb6 {[%clk 00:03:02]}
{[%emt 00:00:08]} Kf7 {[%clk 00:02:56]} {[%emt 00:00:05]} 36. Bc5 {[%clk
00:03:26]} {[%emt 00:00:07]} h5 {[%clk 00:03:21]} {[%emt 00:00:04]} 37. h4
{[%clk 00:03:53]} {[%emt 00:00:03]} Ke6 {[%clk 00:03:47]} {[%emt 00:00:04]} 38.
e4 {[%clk 00:04:17]} {[%emt 00:00:07]} g6 {[%clk 00:04:10]} {[%emt 00:00:06]}
39. f3 {[%clk 00:04:43]} {[%emt 00:00:04]} f5 {[%clk 00:04:36]} {[%emt
00:00:04]} 40. Kf2 {[%clk 00:05:09]} {[%emt 00:00:04]} fxe4 {[%clk 00:05:01]}
{[%emt 00:00:05]}  1/2-1/2

[Event "Tegernsee Masters 2020 "]
[Site "Bad Wiessee"]
[Date "2020.10.31"]
[Round "1"]
[Board "3"]
[White "Dardha, Daniel"]
[Black "Nguyen, Thai Dai Van"]
[Result "1-0"]
[WhiteElo "2468"]
[BlackElo "2571"]
[PlyCount "0"]
[EventDate "2020.10.31"]
[EventRounds "9"]
[EventCountry "GER"]

1. c4 {[%clk 01:30:56]} {[%emt 00:00:02]} c5 {[%clk 01:30:36]} {[%emt
00:00:24]} 2. Nc3 {[%clk 01:30:47]} {[%emt 00:00:40]} g6 {[%clk 01:30:34]}
{[%emt 00:00:32]} 3. g3 {[%clk 01:29:12]} {[%emt 00:02:05]} Bg7 {[%clk
01:30:57]} {[%emt 00:00:07]} 4. Bg2 {[%clk 01:29:37]} {[%emt 00:00:05]} Nc6
{[%clk 01:31:19]} {[%emt 00:00:08]} 5. a3 {[%clk 01:28:25]} {[%emt 00:01:43]}
b6 {[%clk 01:28:37]} {[%emt 00:03:12]} 6. d3 {[%clk 01:24:02]} {[%emt
00:04:53]} Bb7 {[%clk 01:27:52]} {[%emt 00:01:15]} 7. Bg5 {[%clk 01:15:02]}
{[%emt 00:09:30]} h6 {[%clk 01:26:09]} {[%emt 00:02:13]} 8. Bd2 {[%clk
01:13:48]} {[%emt 00:01:43]} e6 {[%clk 01:22:56]} {[%emt 00:03:44]} 9. b4
{[%clk 01:08:08]} {[%emt 00:06:11]} Nge7 {[%clk 01:12:42]} {[%emt 00:10:43]} 10.
Rb1 {[%clk 01:05:23]} {[%emt 00:03:15]} d6 {[%clk 01:07:44]} {[%emt 00:05:28]}
11. Qc1 {[%clk 01:00:37]} {[%emt 00:05:17]} Qd7 {[%clk 01:05:22]} {[%emt
00:02:52]} 12. Nf3 {[%clk 00:51:25]} {[%emt 00:09:41]} Nd4 {[%clk 01:01:33]}
{[%emt 00:04:19]} 13. e4 {[%clk 00:50:41]} {[%emt 00:01:13]} f5 {[%clk
00:45:58]} {[%emt 00:16:06]} 14. Qd1 {[%clk 00:37:36]} {[%emt 00:13:35]} O-O
{[%clk 00:42:26]} {[%emt 00:04:02]} 15. O-O {[%clk 00:36:09]} {[%emt 00:01:57]}
fxe4 {[%clk 00:36:04]} {[%emt 00:06:52]} 16. dxe4 {[%clk 00:36:10]} {[%emt
00:00:28]} Rac8 {[%clk 00:36:29]} {[%emt 00:00:05]} 17. b5 {[%clk 00:34:07]}
{[%emt 00:02:33]} Kh7 {[%clk 00:33:24]} {[%emt 00:03:35]} 18. Re1 {[%clk
00:28:08]} {[%emt 00:06:29]} Rf7 {[%clk 00:28:51]} {[%emt 00:05:03]} 19. Re3
{[%clk 00:26:05]} {[%emt 00:02:32]} Rcf8 {[%clk 00:28:25]} {[%emt 00:00:56]} 20.
Be1 {[%clk 00:23:45]} {[%emt 00:02:49]} g5 {[%clk 00:23:59]} {[%emt 00:04:57]}
21. Rd3 {[%clk 00:20:53]} {[%emt 00:03:22]} Nxf3+ {[%clk 00:21:01]} {[%emt
00:03:28]} 22. Bxf3 {[%clk 00:20:13]} {[%emt 00:01:10]} Bd4 {[%clk 00:20:34]}
{[%emt 00:00:57]} 23. Bh5 {[%clk 00:18:08]} {[%emt 00:02:35]} Rf6 {[%clk
00:16:41]} {[%emt 00:04:23]} 24. Rxd4 {[%clk 00:18:18]} {[%emt 00:00:20]} cxd4
{[%clk 00:17:06]} {[%emt 00:00:05]} 25. Qxd4 {[%clk 00:18:44]} {[%emt
00:00:04]} e5 {[%clk 00:17:31]} {[%emt 00:00:05]} 26. Qd1 {[%clk 00:17:10]}
{[%emt 00:02:04]} Qc7 {[%clk 00:17:23]} {[%emt 00:00:38]} 27. Nd5 {[%clk
00:16:07]} {[%emt 00:01:33]} Nxd5 {[%clk 00:10:57]} {[%emt 00:06:56]} 28. cxd5
{[%clk 00:16:29]} {[%emt 00:00:08]} Qg7 {[%clk 00:10:14]} {[%emt 00:01:12]} 29.
Rc1 {[%clk 00:15:03]} {[%emt 00:01:57]} Rc8 {[%clk 00:09:15]} {[%emt 00:01:29]}
30. Rc6 {[%clk 00:14:07]} {[%emt 00:01:26]} Bxc6 {[%clk 00:09:15]} {[%emt
00:00:31]} 31. bxc6 {[%clk 00:14:26]} {[%emt 00:00:11]} Rcf8 {[%clk 00:08:32]}
{[%emt 00:01:13]} 32. Bg4 {[%clk 00:13:35]} {[%emt 00:01:21]} Qc7 {[%clk
00:07:01]} {[%emt 00:02:00]} 33. Bf5+ {[%clk 00:12:41]} {[%emt 00:01:24]} Kg7
{[%clk 00:07:20]} {[%emt 00:00:11]} 34. Qd3 {[%clk 00:12:50]} {[%emt 00:00:21]}
Kf7 {[%clk 00:06:41]} {[%emt 00:01:09]} 35. a4 {[%clk 00:12:38]} {[%emt
00:00:42]} Ke7 {[%clk 00:06:07]} {[%emt 00:01:04]} 36. Bb4 {[%clk 00:11:33]}
{[%emt 00:01:35]} h5 {[%clk 00:03:09]} {[%emt 00:03:28]} 37. Bd2 {[%clk
00:09:18]} {[%emt 00:02:45]} Rg8 {[%clk 00:03:02]} {[%emt 00:00:37]} 38. Qe2
{[%clk 00:09:08]} {[%emt 00:00:40]} g4 {[%clk 00:02:18]} {[%emt 00:01:13]} 39.
h4 {[%clk 00:08:36]} {[%emt 00:01:02]} Rxf5 {[%clk 00:01:15]} {[%emt 00:01:34]}
40. exf5 {[%clk 00:09:01]} {[%emt 00:00:05]} Qc8 {[%clk 00:00:44]} {[%emt
00:01:01]} 41. Bg5+ {[%clk 00:05:52]} {[%emt 00:03:38]} Kf7 {[%clk 00:23:51]}
{[%emt 00:07:24]} 42. Qe4 {[%clk 00:35:49]} {[%emt 00:00:33]} Rh8 {[%clk
00:18:53]} {[%emt 00:05:28]} 43. Qb4 {[%clk 00:32:10]} {[%emt 00:04:09]} Qb8
{[%clk 00:17:44]} {[%emt 00:01:39]} 44. Qb5 {[%clk 00:29:15]} {[%emt 00:03:25]}
Qc8 {[%clk 00:17:09]} {[%emt 00:01:05]} 45. a5 {[%clk 00:28:40]} {[%emt
00:01:05]} Qc7 {[%clk 00:12:53]} {[%emt 00:04:46]} 46. axb6 {[%clk 00:25:06]}
{[%emt 00:04:04]} axb6 {[%clk 00:10:14]} {[%emt 00:03:09]} 47. Kg2 {[%clk
00:21:08]} {[%emt 00:04:27]} Ra8 {[%clk 00:08:14]} {[%emt 00:02:30]} 48. Qb1
{[%clk 00:20:17]} {[%emt 00:01:21]} Rh8 {[%clk 00:07:58]} {[%emt 00:00:47]} 49.
f6 {[%clk 00:17:22]} {[%emt 00:03:25]} Qb8 {[%clk 00:07:52]} {[%emt 00:00:36]}
50. Bd2 {[%clk 00:14:30]} {[%emt 00:03:22]} Kxf6 {[%clk 00:05:12]} {[%emt
00:03:10]} 51. Bg5+ {[%emt 00:00:33]} Kg7 {[%emt 00:00:01]} 52. Qf5 {[%clk
00:14:33]} {[%emt 00:00:23]} Qf8 {[%clk 00:04:08]} {[%emt 00:02:04]} 53. Qd7+
{[%clk 00:14:02]} {[%emt 00:01:01]} Kg6 {[%clk 00:03:52]} {[%emt 00:00:46]} 54.
Qe6+ {[%clk 00:13:04]} {[%emt 00:01:27]} Kg7 {[%clk 00:04:05]} {[%emt
00:00:16]} 55. c7 {[%clk 00:12:33]} {[%emt 00:01:03]} Qf3+ {[%clk 00:03:06]}
{[%emt 00:01:29]} 56. Kg1 {[%clk 00:12:57]} {[%emt 00:00:05]}  1-0

[Event "Tegernsee Masters 2020 "]
[Site "Bad Wiessee"]
[Date "2020.10.31"]
[Round "1"]
[Board "4"]
[White "Donchenko, Alexander"]
[Black "Fier, Alexandr"]
[Result "1-0"]
[WhiteElo "2658"]
[BlackElo "2562"]
[PlyCount "0"]
[EventDate "2020.10.31"]
[EventRounds "9"]
[EventCountry "GER"]

1. d4 {[%clk 01:30:56]} {[%emt 00:00:03]} Nf6 {[%clk 01:30:52]} {[%emt
00:00:08]} 2. c4 {[%clk 01:31:19]} {[%emt 00:00:06]} g6 {[%clk 01:31:19]}
{[%emt 00:00:03]} 3. Nc3 {[%clk 01:31:28]} {[%emt 00:00:20]} Bg7 {[%clk
01:31:45]} {[%emt 00:00:05]} 4. e4 {[%clk 01:31:10]} {[%emt 00:00:48]} d6
{[%clk 01:32:09]} {[%emt 00:00:06]} 5. Nf3 {[%clk 01:31:29]} {[%emt 00:00:11]}
O-O {[%clk 01:32:33]} {[%emt 00:00:07]} 6. Be2 {[%clk 01:31:42]} {[%emt
00:00:17]} e5 {[%clk 01:32:41]} {[%emt 00:00:22]} 7. O-O {[%clk 01:31:26]}
{[%emt 00:00:45]} Nc6 {[%clk 01:32:57]} {[%emt 00:00:15]} 8. d5 {[%clk
01:31:33]} {[%emt 00:00:23]} Ne7 {[%clk 01:33:22]} {[%emt 00:00:04]} 9. b4
{[%clk 01:31:38]} {[%emt 00:00:25]} Nh5 {[%clk 01:33:30]} {[%emt 00:00:23]} 10.
Re1 {[%clk 01:31:11]} {[%emt 00:00:57]} f5 {[%clk 01:33:30]} {[%emt 00:00:30]}
11. a4 {[%clk 01:27:57]} {[%emt 00:03:44]} Nf4 {[%clk 01:30:56]} {[%emt
00:03:04]} 12. Bf1 {[%clk 01:22:50]} {[%emt 00:05:37]} fxe4 {[%clk 01:25:09]}
{[%emt 00:06:18]} 13. Nxe4 {[%clk 01:22:53]} {[%emt 00:00:28]} h6 {[%clk
01:25:14]} {[%emt 00:00:25]} 14. Ra3 {[%clk 01:18:06]} {[%emt 00:05:16]} g5
{[%clk 01:24:16]} {[%emt 00:01:28]} 15. h4 {[%clk 01:00:32]} {[%emt 00:18:04]}
gxh4 {[%clk 01:12:55]} {[%emt 00:11:51]} 16. Nxh4 {[%clk 00:59:35]} {[%emt
00:01:27]} Nexd5 {[%clk 01:12:46]} {[%emt 00:00:39]} 17. Ng6 {[%clk 00:46:27]}
{[%emt 00:13:38]} Nxg6 {[%clk 01:12:34]} {[%emt 00:00:43]} 18. Qxd5+ {[%clk
00:46:50]} {[%emt 00:00:07]} Kh8 {[%clk 01:13:01]} {[%emt 00:00:02]} 19. c5
{[%clk 00:44:44]} {[%emt 00:02:36]} Ne7 {[%clk 01:08:28]} {[%emt 00:05:03]} 20.
Qd1 {[%clk 00:44:43]} {[%emt 00:00:31]} d5 {[%clk 01:08:05]} {[%emt 00:00:54]}
21. Ng3 {[%clk 00:43:36]} {[%emt 00:01:36]} e4 {[%clk 00:50:24]} {[%emt
00:18:12]} 22. Nh5 {[%clk 00:43:08]} {[%emt 00:00:57]} Nf5 {[%clk 00:44:40]}
{[%emt 00:06:15]} 23. Nxg7 {[%clk 00:35:40]} {[%emt 00:07:58]} Kxg7 {[%clk
00:45:06]} {[%emt 00:00:04]} 24. Rh3 {[%clk 00:34:48]} {[%emt 00:01:21]} Be6
{[%clk 00:40:48]} {[%emt 00:04:49]} 25. f3 {[%clk 00:30:59]} {[%emt 00:04:19]}
Kh7 {[%clk 00:34:46]} {[%emt 00:06:32]} 26. Qd2 {[%clk 00:19:20]} {[%emt
00:12:09]} Qf6 {[%clk 00:30:43]} {[%emt 00:04:34]} 27. fxe4 {[%clk 00:19:30]}
{[%emt 00:00:20]} dxe4 {[%clk 00:21:42]} {[%emt 00:09:31]} 28. Rxe4 {[%clk
00:19:43]} {[%emt 00:00:16]} Rad8 {[%clk 00:19:56]} {[%emt 00:02:16]} 29. Bd3
{[%clk 00:19:28]} {[%emt 00:00:44]} Kg8 {[%clk 00:17:38]} {[%emt 00:02:48]} 30.
Bb2 {[%clk 00:16:34]} {[%emt 00:03:24]} Qg6 {[%clk 00:17:23]} {[%emt 00:00:46]}
31. Qe2 {[%clk 00:14:21]} {[%emt 00:02:42]} Ng3 {[%clk 00:16:54]} {[%emt
00:00:58]} 32. Rxg3 {[%clk 00:14:39]} {[%emt 00:00:13]} Qxg3 {[%clk 00:17:21]}
{[%emt 00:00:04]} 33. Re3 {[%clk 00:14:56]} {[%emt 00:00:13]} Qg4 {[%clk
00:14:11]} {[%emt 00:03:40]} 34. Rxe6 {[%clk 00:14:19]} {[%emt 00:01:07]} Qxe2
{[%clk 00:14:37]} {[%emt 00:00:04]} 35. Bxe2 {[%clk 00:14:05]} {[%emt
00:00:44]} Rd2 {[%clk 00:11:47]} {[%emt 00:03:19]} 36. Bc3 {[%clk 00:12:59]}
{[%emt 00:01:36]} Rc2 {[%clk 00:11:56]} {[%emt 00:00:22]} 37. Rg6+ {[%clk
00:12:43]} {[%emt 00:00:45]} Kh7 {[%clk 00:12:11]} {[%emt 00:00:15]} 38. Rg7+
{[%clk 00:13:03]} {[%emt 00:00:10]} Kh8 {[%clk 00:12:38]} {[%emt 00:00:03]} 39.
Rg3+ {[%clk 00:13:25]} {[%emt 00:00:08]}  1-0

[Event "Tegernsee Masters 2020 "]
[Site "Bad Wiessee"]
[Date "2020.10.31"]
[Round "1"]
[Board "5"]
[White "Keymer, Vincent"]
[Black "Parvanyan, Ashot"]
[Result "1-0"]
[WhiteElo "2588"]
[BlackElo "2451"]
[PlyCount "0"]
[EventDate "2020.10.31"]
[EventRounds "9"]
[EventCountry "GER"]

1. d4 {[%clk 01:30:56]} {[%emt 00:00:03]} Nf6 {[%clk 01:30:49]} {[%emt
00:00:11]} 2. c4 {[%clk 01:31:22]} {[%emt 00:00:04]} g6 {[%clk 01:30:59]}
{[%emt 00:00:20]} 3. Nc3 {[%clk 01:31:47]} {[%emt 00:00:05]} Bg7 {[%clk
01:31:23]} {[%emt 00:00:06]} 4. e4 {[%clk 01:32:13]} {[%emt 00:00:04]} d6
{[%clk 01:31:48]} {[%emt 00:00:05]} 5. Be2 {[%clk 01:32:39]} {[%emt 00:00:04]}
O-O {[%clk 01:32:05]} {[%emt 00:00:13]} 6. Nf3 {[%clk 01:33:06]} {[%emt
00:00:03]} e5 {[%clk 01:30:38]} {[%emt 00:01:57]} 7. O-O {[%clk 01:33:30]}
{[%emt 00:00:06]} Nc6 {[%clk 01:30:57]} {[%emt 00:00:10]} 8. d5 {[%clk
01:33:57]} {[%emt 00:00:04]} Ne7 {[%clk 01:31:22]} {[%emt 00:00:05]} 9. b4
{[%clk 01:34:24]} {[%emt 00:00:03]} a5 {[%clk 01:19:04]} {[%emt 00:12:48]} 10.
bxa5 {[%clk 01:34:37]} {[%emt 00:00:17]} Rxa5 {[%clk 01:17:41]} {[%emt
00:01:53]} 11. a4 {[%clk 01:35:02]} {[%emt 00:00:05]} Ne8 {[%clk 01:02:23]}
{[%emt 00:15:47]} 12. Bd2 {[%clk 01:34:05]} {[%emt 00:01:27]} f5 {[%clk
00:53:17]} {[%emt 00:09:37]} 13. Ng5 {[%clk 01:29:21]} {[%emt 00:05:13]} h6
{[%clk 00:40:02]} {[%emt 00:13:45]} 14. Ne6 {[%clk 01:28:03]} {[%emt 00:01:48]}
Bxe6 {[%clk 00:40:27]} {[%emt 00:00:05]} 15. dxe6 {[%clk 01:28:29]} {[%emt
00:00:03]} Ra8 {[%clk 00:36:27]} {[%emt 00:04:30]} 16. Qb1 {[%clk 01:08:54]}
{[%emt 00:20:05]} c6 {[%clk 00:20:51]} {[%emt 00:16:06]} 17. exf5 {[%clk
01:00:08]} {[%emt 00:09:16]} gxf5 {[%clk 00:16:19]} {[%emt 00:05:02]} 18. Bh5
{[%clk 00:59:53]} {[%emt 00:00:45]} d5 {[%clk 00:15:01]} {[%emt 00:01:49]} 19.
cxd5 {[%clk 00:58:33]} {[%emt 00:01:50]} cxd5 {[%clk 00:15:18]} {[%emt
00:00:13]} 20. Bf7+ {[%clk 00:58:02]} {[%emt 00:01:00]} Kh8 {[%clk 00:06:35]}
{[%emt 00:09:13]} 21. Nb5 {[%clk 00:55:38]} {[%emt 00:02:54]} Nf6 {[%clk
00:06:15]} {[%emt 00:00:50]} 22. Ra3 {[%clk 00:48:56]} {[%emt 00:07:12]} Ne4
{[%clk 00:04:55]} {[%emt 00:01:49]} 23. Bb4 {[%clk 00:46:47]} {[%emt 00:02:40]}
Ra6 {[%clk 00:00:40]} {[%emt 00:04:46]} 24. h4 {[%clk 00:38:16]} {[%emt
00:09:00]} Rc6 {[%clk 00:01:04]} {[%emt 00:00:06]} 25. Rc1 {[%clk 00:35:36]}
{[%emt 00:03:10]} Bf6 {[%clk 00:00:33]} {[%emt 00:01:02]} 26. g3 {[%clk
00:32:08]} {[%emt 00:03:57]} Qb6 {[%clk 00:00:48]} {[%emt 00:00:15]} 27. Rf3
{[%clk 00:30:51]} {[%emt 00:01:47]} Rfc8 {[%clk 00:00:50]} {[%emt 00:00:28]} 28.
Rxc6 {[%clk 00:23:27]} {[%emt 00:07:54]} bxc6 {[%clk 00:00:35]} {[%emt
00:00:46]} 29. Qc1 {[%clk 00:22:24]} {[%emt 00:01:32]} Kg7 {[%clk 00:00:35]}
{[%emt 00:00:30]} 30. Bxe7 {[%clk 00:19:52]} {[%emt 00:03:02]} Bxe7 {[%clk
00:01:01]} {[%emt 00:00:03]} 31. Rxf5 {[%clk 00:20:07]} {[%emt 00:00:15]} Nxg3
{[%clk 00:00:46]} {[%emt 00:00:45]} 32. Rxe5 {[%clk 00:19:08]} {[%emt
00:01:29]} Ne4 {[%clk 00:00:32]} {[%emt 00:00:44]} 33. Rxe4 {[%clk 00:17:20]}
{[%emt 00:02:18]} dxe4 {[%clk 00:00:48]} {[%emt 00:00:15]} 34. Qc3+ {[%clk
00:17:47]} {[%emt 00:00:03]} Bf6 {[%clk 00:00:31]} {[%emt 00:00:47]} 35. Qg3+
{[%clk 00:18:05]} {[%emt 00:00:11]} Kh8 {[%clk 00:00:34]} {[%emt 00:00:28]} 36.
Nd6 {[%clk 00:15:25]} {[%emt 00:03:10]} Rb8 {[%clk 00:00:32]} {[%emt 00:00:33]}
37. Qg6 {[%clk 00:15:16]} {[%emt 00:00:39]} Bg7 {[%clk 00:00:32]} {[%emt
00:00:30]} 38. Nf5 {[%clk 00:15:26]} {[%emt 00:00:19]} Qb2 {[%clk 00:00:32]}
{[%emt 00:00:31]} 39. e7 {[%clk 00:14:28]} {[%emt 00:01:29]} e3 {[%clk
00:00:32]} {[%emt 00:00:30]} 40. Nxe3 {[%clk 00:14:48]} {[%emt 00:00:09]} Qa1+
{[%clk 00:00:32]} {[%emt 00:00:31]} 41. Kg2 {[%clk 00:15:03]} {[%emt 00:00:14]}
Qxa4 {[%clk 00:29:48]} {[%emt 00:01:14]} 42. h5 {[%clk 00:43:38]} {[%emt
00:01:55]}  1-0